000 00876cam a2200241 4500
001 ABS65244
008 020402n2002 000 0 eng u
035 _a(Sirsi) u117290
100 _aLin, M.
245 _aEnforcing a foreign arbitral award in mainland China - some recent experience
260 _c2002
490 _aAsian Dispute Resolution
_v 2001, 79-81(3)
520 _aOffers some guidelines on what to do in enforcing an award denominated in a foreign currency against a People's Republic of China (PRC) state-owned corporation in an international commercial arbitration held outside the PRC.
590 _aABS
650 _aCHINA
650 _aCOMMERCIAL ARBITRATION
650 _aFOREIGN EXCHANGE
650 _aCIVIL PROCEDURE LAW ARTICLE 219
650 _aTIME LIMITS
650 _aREGULATIONS
690 _aDispute resolution
_96236
942 _n0
999 _c69875
_d69875